Cuentos / (Registro nro. 15618)

Detalles MARC
000 -LEADER
fixed length control field 01002nam a22002657a 4500
003 - CONTROL NUMBER IDENTIFIER
control field OSt
005 - DATE AND TIME OF LATEST TRANSACTION
control field 20210916174944.0
008 - FIXED-LENGTH DATA ELEMENTS--GENERAL INFORMATION
fixed length control field 210916b2008 ck ||||er|||| 00| j spa d
020 ## - INTERNATIONAL STANDARD BOOK NUMBER
International Standard Book Number 9789588471020
040 ## - CATALOGING SOURCE
Original cataloging agency CO-JMCR
Transcribing agency CO-JMCR
041 1# - LANGUAGE CODE
Language code of text/sound track or separate title spa
Language code of original eng
082 04 - DEWEY DECIMAL CLASSIFICATION NUMBER
Classification number C /
Item number SAKc
Edition number 23
100 1# - MAIN ENTRY--PERSONAL NAME
Personal name Saki,
Relator term autor
9 (RLIN) 40587
245 10 - TITLE STATEMENT
Title Cuentos /
Statement of responsibility, etc. Saki ; traducidos del inglés por Carlos José Restrepo con una nota introductoria de Julio Paredes Castro
260 ## - PUBLICATION, DISTRIBUTION, ETC.
Place of publication, distribution, etc. Bogotá :
Name of publisher, distributor, etc. Alcaldía Mayor de Bogotá : Secretaría Distrital de Cultura, Recreación y Deporte : Fundación Gilberto Alzate Avendaño,
Date of publication, distribution, etc. 2008
300 ## - PHYSICAL DESCRIPTION
Extent 160 páginas ;
Dimensions 17 cm.
490 0# - SERIES STATEMENT
Series statement Libro al viento ;
Volume/sequential designation 51
650 14 - SUBJECT ADDED ENTRY--TOPICAL TERM
Topical term or geographic name entry element Cuentos birmanos
9 (RLIN) 40588
650 24 - SUBJECT ADDED ENTRY--TOPICAL TERM
Topical term or geographic name entry element Animales
Form subdivision Cuentos
9 (RLIN) 40589
650 24 - SUBJECT ADDED ENTRY--TOPICAL TERM
Topical term or geographic name entry element Ironía
Form subdivision Cuentos
9 (RLIN) 40590
650 24 - SUBJECT ADDED ENTRY--TOPICAL TERM
Topical term or geographic name entry element Vida
Form subdivision Cuentos
9 (RLIN) 40591
700 1# - ADDED ENTRY--PERSONAL NAME
Personal name Restrepo, Carlos José,
Relator term traductora
9 (RLIN) 40592
700 1# - ADDED ENTRY--PERSONAL NAME
Personal name Paredes Castro, Julio,
Relator term autor de nota introductoria
9 (RLIN) 14038
942 ## - ADDED ENTRY ELEMENTS (KOHA)
Source of classification or shelving scheme Dewey Decimal Classification
Koha item type Books
Existencias
Withdrawn status Lost status Source of classification or shelving scheme Damaged status Not for loan Collection code Home library Current library Date acquired Source of acquisition Total Checkouts Full call number Barcode Date last seen Date last checked out Copy number Price effective from Koha item type
    Dewey Decimal Classification     Fiction Biblioteca Pública José María del Castillo y Rada Biblioteca Pública José María del Castillo y Rada 08/04/2021 Donación 1 C / SAKc 201811069 08/13/2025 08/12/2025 Ej.1 09/16/2021 Books